=LDR 00000nam 2200000 4500 =001 INLIS000000000049673 =005 20170313083414.0 =006 =007 =008 =035 ##$$0010-031700000000118 =040 ##$$a NBPDMAT =082 ##$$a 352 1 =084 ##$$a 352 1 set p =100 ##$$a Setiawan =245 ##$$a Peranan APBD daerah bagi kemajuan ekonomi bangsa / $c Setiawan =260 ##$$a Surakarta : $b Aryhaeko Sinergi Persada, $c 2014 =300 ##$$a 116 hlm : $b ilus, ; $c 116 =500 ##$$a Biliografi : hlm. 116 =650 ##$$a Anggaran pendapatan belanja daerah